00490nam a22001697a 4500003000500000020001500005038001200020082001700032100001600049245005100065260004100116300000900157563000700166942001200173999001900185952011600204NUST a8185749612 aKhadija a744.422bGIL aGill990613 aEngineering Graphics and Drafting /cP.S. Gill aNew DelhibS.K. Kataria & Sonsc2001 ap830 aPB 2ddccBK c588810d588810 00102ddc4070aSMMEbSMMEcGENd2022-03-16l1o744.422 GILpSMME-3716r2022-10-20s2022-08-05w2022-03-16yBK